[Event "Zhukovsky Naukograd Rating-A"]
[Site "Zhukovsky"]
[Date "2007.??.??"]
[Round "6"]
[White "Afanasiev, Anton"]
[Black "Rybakov, Sergey1111"]
[Result "1-0"]
[WhiteElo "2227"]
[BlackElo "2123"]
[PlyCount "92"]
[EventDate "2007.04.01"]
[EventType "tourn"]
[EventRounds "11"]
[EventCountry "RUS"]
[SourceTitle "EXT 2022"]
[Source "ChessBase"]
[SourceDate "2021.10.06"]
[SourceVersion "1"]
[SourceVersionDate "2021.10.06"]
[SourceQuality "1"]

1. Nf3 Nf6 2. g3 g6 3. Bg2 Bg7 4. 0-0 0-0 5. c4 d6 6. Nc3 c6 7. d4 Qc7 8. b3 Nbd7 9. Ba3 Re8 10. Qd2 a6 11. c5 Qa5 12. Na4 Qxd2 13. Nxd2 d5 14. Rad1 Rb8 15. Bc1 e5 16. Nf3 exd4 17. Nxd4 Ne4 18. Ba3 Nf8 19. Bb2 Ng5 20. Rfe1 Re7 21. h4 Ne4 22. e3 Bd7 23. Nb6 Rbe8 24. Nxd7 Nxd7 25. b4 f5 26. Bf1 Be5 27. a4 Nxg3 28. fxg3 Bxg3 29. Re2 Bxh4 30. Nf3 Bg3 31. Bd4 Ne5 32. Kg2 Nxf3 33. Kxf3 Bh4 34. b5 axb5 35. axb5 g5 36. Rb2 g4+ 37. Kg2 Bg5 38. bxc6 bxc6 39. Rb6 Bxe3 40. Bxe3 Rxe3 41. Rxc6 f4 42. Rxd5 Rg3+ 43. Kh2 Ra8 44. Rg5+ Kh8 45. Rf6 Rf3 46. Bg2 Rf2 1-0

[Event "Zhukovsky Naukograd Rating-A"]
[Site "Zhukovsky"]
[Date "2007.??.??"]
[Round "7"]
[White "Smirnov, Yury Vladimirovic"]
[Black "Afanasiev, Anton"]
[Result "0-1"]
[WhiteElo "2361"]
[BlackElo "2227"]
[PlyCount "64"]
[EventDate "2007.04.01"]
[EventType "tourn"]
[EventRounds "11"]
[EventCountry "RUS"]
[SourceTitle "EXT 2022"]
[Source "ChessBase"]
[SourceDate "2021.10.06"]
[SourceVersion "1"]
[SourceVersionDate "2021.10.06"]
[SourceQuality "1"]

1. e4 c6 2. Nc3 d5 3. Qf3 d4 4. Bc4 e6 5. Nce2 c5 6. d3 a6 7. a3 Nc6 8. Qg3 Nf6 9. f4 Be7 10. e5 Nh5 11. Qf3 g6 12. Ng3 Ng7 13. Ne4 h5 14. Nh3 Nf5 15. Nhg5 Bd7 16. 0-0 Kf8 17. g3 Kg7 18. h3 b5 19. Ba2 Qc7 20. Rf2 Raf8 21. g4 hxg4 22. hxg4 Ne3 23. Bxe3 dxe3 24. Qxe3 Rh4 25. Rh2 Rxh2 26. Kxh2 Nxe5 27. Kg3 Nxg4 28. Kxg4 f5+ 29. Kg3 fxe4 30. Nxe4 e5 31. Rf1 exf4+ 32. Rxf4 g5 0-1

[Event "Prokojevsk"]
[Site "Prokojevsk"]
[Date "1998.??.??"]
[Round "6"]
[White "Afanasiev, Anton"]
[Black "Arkhipov, Sergey"]
[Result "1/2-1/2"]
[WhiteElo "2260"]
[BlackElo "2520"]
[PlyCount "23"]
[EventDate "1998.??.??"]
[EventType "tourn"]
[EventRounds "13"]
[EventCountry "UZB"]
[SourceTitle "EXT 2001"]
[Source "ChessBase"]
[SourceDate "2000.11.22"]
[SourceVersion "1"]
[SourceVersionDate "2000.11.22"]
[SourceQuality "1"]

1. e4 c5 2. Nf3 Nc6 3. d4 cxd4 4. Nxd4 Nf6 5. Nc3 e6 6. Ndb5 Bb4 7. a3 Bxc3+ 8. Nxc3 d5 9. exd5 exd5 10. Bd3 0-0 11. 0-0 d4 12. Ne2 1/2-1/2

[Event "Prokojevsk"]
[Site "Prokojevsk"]
[Date "1998.??.??"]
[Round "12"]
[White "Afanasiev, Anton"]
[Black "Belkin, Andr"]
[Result "1/2-1/2"]
[WhiteElo "2260"]
[BlackElo "2410"]
[PlyCount "20"]
[EventDate "1998.??.??"]
[EventType "tourn"]
[EventRounds "13"]
[EventCountry "UZB"]
[SourceTitle "EXT 2001"]
[Source "ChessBase"]
[SourceDate "2000.11.22"]
[SourceVersion "1"]
[SourceVersionDate "2000.11.22"]
[SourceQuality "1"]

1. e4 e6 2. d4 d5 3. Nd2 Nf6 4. e5 Nfd7 5. c3 c5 6. Bd3 Nc6 7. Ne2 cxd4 8. cxd4 Nb6 9. 0-0 Be7 10. a3 a5 1/2-1/2

[Event "Prokojevsk"]
[Site "Prokojevsk"]
[Date "1998.??.??"]
[Round "5"]
[White "Afanasiev, Anton"]
[Black "Sitnikov, Dmitrij"]
[Result "1-0"]
[WhiteElo "2260"]
[BlackElo "2225"]
[PlyCount "111"]
[EventDate "1998.??.??"]
[EventType "tourn"]
[EventRounds "13"]
[EventCountry "UZB"]
[SourceTitle "EXT 2001"]
[Source "ChessBase"]
[SourceDate "2000.11.22"]
[SourceVersion "1"]
[SourceVersionDate "2000.11.22"]
[SourceQuality "1"]

1. e4 c5 2. Nf3 Nc6 3. d4 cxd4 4. Nxd4 Nf6 5. Nc3 e5 6. Ndb5 d6 7. Bg5 a6 8. Na3 b5 9. Bxf6 gxf6 10. Nd5 f5 11. g3 fxe4 12. Bg2 Bf5 13. f3 e3 14. f4 exf4 15. 0-0 Bg7 16. Rxf4 Be6 17. c3 0-0 18. Nc2 Ra7 19. Ncxe3 f5 20. Qh5 Raf7 21. Raf1 Ne7 22. R4f2 Nxd5 23. Bxd5 Bxd5 24. Nxd5 Qd7 25. Rxf5 Rxf5 26. Rxf5 Re8 27. Qg4 Re1+ 28. Kg2 Qe6 29. Nf6+ Kh8 30. Nh5 Bh6 31. Qd4+ Kg8 32. Rf2 Re5 33. Nf6+ Kg7 34. Ng4 Qd5+ 35. Qxd5 Rxd5 36. Kf3 Bg5 37. Ke4 Rd1 38. h4 Bd8 39. Ne3 Re1 40. Kf3 Bb6 41. Re2 Ra1 42. Nd5 Bg1 43. a3 Kf8 44. Nc7 Bc5 45. Nxa6 Bxa3 46. bxa3 Rxa3 47. Nb4 Rxc3+ 48. Re3 Rc4 49. Re4 Rc1 50. Kg4 Kf7 51. Nd5 Rc5 52. Ne3 Kf6 53. Kf4 Rc1 54. g4 Rc5 55. g5+ Kf7 56. Nf5 1-0

[Event "Prokojevsk"]
[Site "Prokojevsk"]
[Date "1998.??.??"]
[Round "3"]
[White "Afanasiev, Anton"]
[Black "Smirnov, Pavel"]
[Result "1/2-1/2"]
[WhiteElo "2260"]
[BlackElo "2365"]
[PlyCount "110"]
[EventDate "1998.??.??"]
[EventType "tourn"]
[EventRounds "13"]
[EventCountry "UZB"]
[SourceTitle "EXT 2001"]
[Source "ChessBase"]
[SourceDate "2000.11.22"]
[SourceVersion "1"]
[SourceVersionDate "2000.11.22"]
[SourceQuality "1"]

1. e4 c5 2. Nf3 Nc6 3. d4 cxd4 4. Nxd4 Nf6 5. Nc3 e5 6. Ndb5 d6 7. Bg5 a6 8. Na3 b5 9. Nd5 Be7 10. Bxf6 Bxf6 11. c3 0-0 12. Nc2 Bg5 13. a4 bxa4 14. Rxa4 a5 15. Bc4 Rb8 16. b3 Kh8 17. 0-0 g6 18. Qe2 Bd7 19. Rfa1 Bh6 20. Bb5 f5 21. Bxc6 Bxc6 22. Rxa5 Rxb3 23. Qc4 Qxa5 24. Qxb3 Qc5 25. Qb4 fxe4 26. Qxc5 dxc5 27. Nce3 c4 28. Nb6 Rd8 29. Nbxc4 Rd3 30. Rc1 Bd5 31. Re1 Bxc4 32. Nxc4 Rxc3 33. Nxe5 Bd2 34. Rd1 e3 35. Kf1 Rc1 36. Rxc1 Bxc1 37. Nd3 Bd2 38. f3 Kg7 39. Ke2 h5 40. Nf4 Kf6 41. Nd5+ Ke5 42. Nxe3 Bb4 43. Kd3 Bc5 44. g3 g5 45. Ke2 g4 46. f4+ Ke4 47. Nc4 Bg1 48. Nd6+ Kd5 49. Nf5 Ke4 50. Nh4 Bd4 51. Kf1 Bf6 52. Ng6 Kf5 53. Ne5 Bxe5 54. fxe5 Kxe5 55. Ke1 Kf5 1/2-1/2

[Event "Prokojevsk"]
[Site "Prokojevsk"]
[Date "1998.??.??"]
[Round "7"]
[White "Siuniakov, Igor"]
[Black "Afanasiev, Anton"]
[Result "1-0"]
[WhiteElo "2415"]
[BlackElo "2260"]
[PlyCount "127"]
[EventDate "1998.??.??"]
[EventType "tourn"]
[EventRounds "13"]
[EventCountry "UZB"]
[SourceTitle "EXT 2001"]
[Source "ChessBase"]
[SourceDate "2000.11.22"]
[SourceVersion "1"]
[SourceVersionDate "2000.11.22"]
[SourceQuality "1"]

1. d4 g6 2. g3 Bg7 3. Bg2 f5 4. Nh3 Nf6 5. 0-0 0-0 6. d5 e5 7. d6 c6 8. Nc3 Na6 9. e4 Nc5 10. exf5 gxf5 11. Re1 Ne8 12. Bg5 Bf6 13. Rxe5 Bxg5 14. Rxc5 Bh6 15. Qd3 Qf6 16. Rd1 b6 17. Rd5 a5 18. Rd4 Ba6 19. Qf3 Ng7 20. Nf4 Rae8 21. Bf1 Bxf1 22. Kxf1 Bxf4 23. Rxf4 Ne6 24. Rh4 b5 25. Qh5 Qg6 26. Ne2 Rf6 27. c3 Qxh5 28. Rxh5 Ng7 29. Rh4 Ree6 30. Rhd4 Ne8 31. a4 Rxd6 32. axb5 cxb5 33. Rd5 Kf7 34. Ke1 Rxd5 35. Rxd5 Nd6 36. Nd4 Kg6 37. Nxb5 Nxb5 38. Rxb5 Ra6 39. Rb7 d6 40. Kd2 a4 41. h3 f4 42. gxf4 h6 43. Kd3 Kf5 44. Rf7+ Kg6 45. Rd7 Kf5 46. Rh7 Kg6 47. Rh8 a3 48. bxa3 Rxa3 49. f5+ Kg7 50. Rd8 Ra6 51. Kd4 Rc6 52. Rd7+ Kf6 53. Rh7 Kg5 54. f6 Rc8 55. Rd7 Kxf6 56. Rxd6+ Kg5 57. f4+ Kh5 58. c4 Rf8 59. Ke5 Re8+ 60. Re6 Rc8 61. Kd5 Rd8+ 62. Rd6 Rf8 63. c5 Rf5+ 64. Ke4 1-0